| 000 | 00603cab a22001935a 4500 | ||
|---|---|---|---|
| 001 | L139976 | ||
| 008 | 070824e20072308xxk f 000 0 eng d | ||
| 035 | _a(Sirsi) u139976 | ||
| 041 | 0 | _aeng | |
| 100 | 1 | _aWilson, M. | |
| 245 | 0 | 0 | _aGoing down |
| 260 | _c2007 | ||
| 490 | 0 |
_aTaxation _v160(4121) 23 August 2007, 215-217(3) |
|
| 520 | _aReviews HMRC's consultation document on proposed changes to the system of capital allowances (See also L139974). | ||
| 590 | _aka | ||
| 651 | 4 |
_aUnited Kingdom _y |
|
| 690 | _aPROPERTY-PROPERTY TAXATION-PROPERTY TAX ALLOWANCES-CAPITAL ALLOWANCES | ||
| 942 | _n0 | ||
| 999 |
_c79147 _d79147 |
||